10 meistgestreamte Tream Songs - Statistiken

Allgemein
  • Dieses Quiz wurde 121 mal gespielt
  • Das Durchschnittsergebnis liegt bei 4 aus 10
Antwortstatistiken
Streams Song % Korrekt
114.000.000 Liebe auf der Rückbank
91%
127.000.000 Lebenslang
75%
65.000.000 Zelten auf Kies
73%
37.000.000 München
42%
32.000.000 Dieser Sommer
41%
46.000.000 Herz macht Bamm
36%
32.000.000 Hinters Bierzelt
35%
25.000.000 3er bmw
30%
23.000.000 Best life
15%
28.000.000 365 day n night
11%
Keine übereinstimmenden Quizze gefunden
Verteilung der Resultate
Anzahl Personen mit jedem Resultat
Perzentil nach korrekt beantworteten Fragen
Ihre Resultats-Entwicklung
Sie haben dieses Quiz noch nicht gespielt